Artes y letras : Expresión estética pura o compromiso?.

Guardado en:
Formato: Deslizar
Series:Encrucijadas 2000
Materias:
Etiquetas: Agregar Etiqueta
Sin Etiquetas, Sea el primero en etiquetar este registro!
LEADER 01002ngm a22003015g 4500
001 CEM.cems022557
008 130507b2001##################0###0#####d
005 20241106181412.0
245 0 0 |a Artes y letras :  |b Expresión estética pura o compromiso?. 
300 |a 24'. 
490 0 |a Encrucijadas 2000 
500 |a En soporte VHS, consultar en ventanilla. 
505 0 |a El arte y la realidad social. El mercado. La cultura de masas y sus consecuencias. El arte mediático y de consumo. Rol del Estado. 
538 |a Soporte: VHS - Norma: Pal N - Color: Si - Grabación DRD 2001 - Hitachi=0000 
082 3 0 |/ ENC-1 
653 |a ARTE 
653 |a ARTE Y SOCIEDAD 
653 |a SOCIEDAD 
653 |a CULTURA 
653 |a CULTURA DE MASAS 
653 |a ARTE MEDIATICO 
653 |a MERCADO 
653 |a ESTADO 
653 |a MEDIOS 
653 |a CONSUMO 
653 |a NIVEL PRIMARIO 
653 |a NIVEL SECUNDARIO 
859 |a CEMS  |b BIB. CEMS - Depto. Recursos Didacticos  |h 301  |i ENC-1  |k DRD  |p 1200.12  |t Ej.1